Highways agency supply chain health and safety incident reporting requirements (Record no. 120853)

MARC details
000 -LEADER
fixed length control field 01186cad a22002055a 4500
001 - CONTROL NUMBER
control field L149757
008 - FIXED-LENGTH DATA ELEMENTS--GENERAL INFORMATION
fixed length control field 100421u2010 xxk g 000 0 eng d
035 ## - SYSTEM CONTROL NUMBER
System control number (Sirsi) u149757
041 0# - LANGUAGE CODE
Language code of text/sound track or separate title eng
050 ## - LIBRARY OF CONGRESS CALL NUMBER
Classification number 690.22 $2 18
110 2# - MAIN ENTRY--CORPORATE NAME
Corporate name or jurisdiction name as entry element England
Subordinate unit Highways Agency
9 (RLIN) 1666
245 00 - TITLE STATEMENT
Title Highways agency supply chain health and safety incident reporting requirements
Remainder of title interim advice note 128/10
Medium [electronic resource]
260 ## - PUBLICATION, DISTRIBUTION, ETC.
Place of publication, distribution, etc. London
Name of publisher, distributor, etc. Highways Agency
Date of publication, distribution, etc. 2010
520 ## - SUMMARY, ETC.
Summary, etc. Interim advice note 128/10 is relevant to contractors and service providers on major construction project schemes in connection with works on motorways and trunk roads in England and the network delivery and development MAC and DBFO network; for reporting to the Highways Agency all incidents and accidents which involve all contractors, service providers and their suppliers; area management memos, AMM 54/04, AMM 96/08 and AMM 97/08 are now superseded and withdrawn.
590 ## - LOCAL NOTE (RLIN)
Local note KA
651 #4 - SUBJECT ADDED ENTRY--GEOGRAPHIC NAME
Geographic name England
Chronological subdivision 886-
690 ## - LOCAL SUBJECT ADDED ENTRY--TOPICAL TERM (OCLC, RLIN)
Topical term or geographic name as entry element Health and safety
9 (RLIN) 6244
856 40 - ELECTRONIC LOCATION AND ACCESS
Uniform Resource Identifier <a href="https://www.standardsforhighways.co.uk/ians/pdfs/ian128.pdf">https://www.standardsforhighways.co.uk/ians/pdfs/ian128.pdf</a>
Public note View the website free of charge at www.standardsforhighways.co.uk
942 ## - ADDED ENTRY ELEMENTS (KOHA)
Suppress in OPAC 0
Holdings
Withdrawn status Lost status Source of classification or shelving scheme Damaged status Not for loan Home library Current library Shelving location Date acquired Total Checkouts Full call number Barcode Date last seen Copy number Price effective from Koha item type
    Dewey Decimal Classification     Virtual Virtual Online 21/04/2010   L149757 149757-1001 06/08/2019 1 06/08/2019 Online material